Sustainable Shipping: A Cross-Disciplinary View / (Record no. 26644)

000 -LEADER
fixed length control field 00528 a2200157 4500
008 - FIXED-LENGTH DATA ELEMENTS--GENERAL INFORMATION
fixed length control field 230623b ||||| |||| 00| 0 eng d
020 ## - INTERNATIONAL STANDARD BOOK NUMBER
International Standard Book Number 9783030043292
Terms of availability Euro 129.99
041 0# - LANGUAGE CODE
Language code of text/sound track or separate title eng
082 00 - DEWEY DECIMAL CLASSIFICATION NUMBER
Classification number 387.5
Item number P9741
245 ## - TITLE STATEMENT
Title Sustainable Shipping: A Cross-Disciplinary View /
260 ## - PUBLICATION, DISTRIBUTION, ETC. (IMPRINT)
Place of publication, distribution, etc Gewerbestrasse:
Name of publisher, distributor, etc Springer nature,
Date of publication, distribution, etc 2019.
300 ## - PHYSICAL DESCRIPTION
Extent xxxii, 477 p. :
Other physical details ill. ;
Dimensions 24 cm
650 #0 - SUBJECT ADDED ENTRY--TOPICAL TERM
Topical term or geographic name as entry element Shipping
General subdivision Technological innovation
700 ## - ADDED ENTRY--PERSONAL NAME
9 (RLIN) 5546
Personal name Psaraftis, Harilaos N.
Relator term editor
942 ## - ADDED ENTRY ELEMENTS (KOHA)
Source of classification or shelving scheme
Item type Books
Holdings
Withdrawn status Lost status Source of classification or shelving scheme Damaged status Not for loan Permanent location Current location Shelving location Date acquired Source of acquisition Cost, normal purchase price Full call number Barcode Date last seen Cost, replacement price Koha item type
          IMU Kolkata IMU Kolkata Reference 2023-06-23 4 7321.64 387.5 P9741 14100 2023-06-23 11541.05 Books
Designed and Maintained by IMU-KC Library, Kolkata Campus © Copyright All Rights Reserved

webs counters

Powered by Koha